| 000 | 00937nam a2200229 i 4500 | ||
|---|---|---|---|
| 001 | 154288 | ||
| 003 | ES-MaACL | ||
| 005 | 20251013230902.0 | ||
| 008 | 010131s1888 fr a |||| | fre d | ||
| 040 |
_aCCPB | B _bspa _cCCPB | B |
||
| 100 | 1 |
_aGérardin, Narcisse Auguste. _9127685 |
|
| 245 | 1 | 3 |
_aLa gymnastique et les exercices physiques / _cN. A. Le Blond ; introduction par H. Bouvier. |
| 260 |
_aParis : _bLibrairie J.-B. Baillière et fils, _c1888. |
||
| 300 |
_a492 p. : _bil. ; _c18 cm. |
||
| 490 | 1 | _aBibliothèque des connaissances utiles | |
| 594 | _aN.A. Le Blond es pseudonimo de Narcisse Auguste Gérardin. | ||
| 650 | 4 |
_aGimnasia. _9148136 |
|
| 700 | 1 |
_aBouvier, Sauveur Henri Victor, _d1799-1877 _9126135 |
|
| 830 | 0 |
_aBibliothèque des connaissances utiles _9221484 |
|
| 852 |
_aES-MaACL _jF-11258 _z-- Enc. ed. en tela _x-- Edic.: añadir en T260 (Corbeil : imprimerie Crété) |
||
| 999 |
_c154288 _d154288 |
||